| 000 | 01006nam a2200373 a 4500 | ||
|---|---|---|---|
| 003 | AR-BaBNM | ||
| 005 | 20251128204856.0 | ||
| 008 | 082120s2002 ||||||||||||||000 | spa|| | ||
| 020 | _a950-25-0035-0 | ||
| 040 | _cAR-BaBNM | ||
| 100 | 1 | _aDi Tella, Torcuato S. | |
| 245 | 0 | 0 | _aPolítica y clase obrera |
| 250 | _a2ª ed. aum. y corr. | ||
| 260 |
_aBuenos Aires _bCentro Editor de América Latina _c1983 |
||
| 300 |
_a128 p. _btablas |
||
| 490 | 0 |
_aBiblioteca política argentina _vv. 36 |
|
| 610 | 2 | 4 | _aPartido Justicialista |
| 650 | 4 | _aHISTORIA ARGENTINA | |
| 650 | 4 | _aSOCIOLOGIA POLITICA | |
| 650 | 4 | _aHISTORIA SINDICAL | |
| 650 | 4 | _aSINDICALISMO | |
| 650 | 4 | _aIDEOLOGIAS POLITICAS | |
| 650 | 4 | _aSOCIOLOGIA URBANA | |
| 650 | 4 | _aMOVIMIENTO OBRERO | |
| 650 | 4 | _aCLASE BAJA | |
| 650 | 4 | _aPOLITICA | |
| 650 | 4 | _aSOCIALISMO | |
| 651 | 4 | _aArgentina | |
| 651 | 4 | _aAmérica Latina | |
| 653 | _aPERONISMO | ||
| 800 | 1 |
_aTroncoso, Oscar _edirector |
|
| 942 | _cBK | ||
| 998 | _cEnrique | ||
| 999 |
_c9150 _d9150 |
||